Detalles MARC
| 000 -CABECERA |
| campo de control de longitud fija |
01045nam a2200277 a 4500 |
| 001 - NÚMERO DE CONTROL |
| campo de control |
000014761 |
| 003 - IDENTIFICADOR DEL NÚMERO DE CONTROL |
| campo de control |
DO-SdBNP |
| 005 - FECHA Y HORA DE LA ÚLTIMA TRANSACCIÓN |
| campo de control |
20260305073958.0 |
| 008 - DATOS DE LONGITUD FIJA--INFORMACIÓN GENERAL |
| campo de control de longitud fija |
100120s2008 dr ac 001 0 spa d |
| 020 ## - NÚMERO INTERNACIONAL ESTÁNDAR DEL LIBRO |
| Número Internacional Estándar del Libro |
9993455997 |
| 040 ## - FUENTE DE LA CATALOGACIÓN |
| Centro catalogador/agencia de origen |
DO-SdBNP |
| Lengua de catalogación |
spa |
| Centro/agencia transcriptor |
BNPHU |
| 082 ## - NÚMERO DE LA CLASIFICACIÓN DECIMAL DEWEY |
| Número de clasificación |
320.97293 |
| Número de documento/Ítem |
B171i |
| 100 1# - ENTRADA PRINCIPAL--NOMBRE DE PERSONA |
| Nombre de persona |
Balaguer, Joaquín, |
| Fechas asociadas al nombre |
1906-2002 |
| 9 (RLIN) |
76556 |
| 245 10 - MENCIÓN DE TÍTULO |
| Título |
Ideas políticas / |
| Mención de responsabilidad, etc. |
Joaquin Balaguer ; selección y prólogo Cándido Gerón. |
| 260 ## - PUBLICACIÓN, DISTRIBUCIÓN, ETC. |
| Lugar de publicación, distribución, etc. |
Santo Domingo : |
| Nombre del editor, distribuidor, etc. |
Fundación Joaquín Balaguer, |
| Fecha de publicación, distribución, etc. |
2008. |
| 300 ## - DESCRIPCIÓN FÍSICA |
| Extensión |
477 p. : |
| Otras características físicas |
il. ; retrs. ; |
| Dimensiones |
23 cm. |
| 504 ## - NOTA DE BIBLIOGRAFÍA, ETC. |
| Nota de bibliografía, etc. |
Incluye índice onomástico. |
| 590 ## - NOTA LOCAL (RLIN) |
| Nota local |
Inventariado, 2018/ YL |
| 600 10 - PUNTO DE ACCESO ADICIONAL DE MATERIA--NOMBRE DE PERSONA |
| Nombre de persona |
Balaguer, Joaquín, |
| Fechas asociadas al nombre |
1906-2002 |
| Subdivisión general |
Pensamiento política y social |
| 9 (RLIN) |
76556 |
| 651 10 - PUNTO DE ACCESO ADICIONAL DE MATERIA--NOMBRE GEOGRÁFICO |
| Nombre geográfico |
República Dominicana |
| Subdivisión general |
Política y gobierno |
| 9 (RLIN) |
45 |
| 651 10 - PUNTO DE ACCESO ADICIONAL DE MATERIA--NOMBRE GEOGRÁFICO |
| Nombre geográfico |
República Dominican |
| Subdivisión general |
Historia |
| Subdivisión geográfica |
1966-1978 |
| 9 (RLIN) |
33465 |
| 651 14 - PUNTO DE ACCESO ADICIONAL DE MATERIA--NOMBRE GEOGRÁFICO |
| Nombre geográfico |
República Dominicana |
| Subdivisión general |
Historia |
| Subdivisión geográfica |
1986-1996 |
| 9 (RLIN) |
33466 |
| 700 1# - PUNTO DE ACCESO ADICIONAL--NOMBRE DE PERSONA |
| Nombre de persona |
Gerón, Candido, |
| Fechas asociadas al nombre |
1948- |
| Término indicativo de función/relación |
pról. |
| 9 (RLIN) |
3577 |
| 910 ## - DATOS DE OPCIÓN DEL USUARIO (OCLC) |
| Datos de opción del usuario |
Validado. Control de calidad MMOLINA |
| 942 ## - ELEMENTOS DE PUNTO DE ACCESO ADICIONAL (KOHA) |
| Fuente del sistema de clasificación o colocación |
Dewey Decimal Classification |
| Tipo de ítem Koha |
Libro |